00593nam a2200145Ia 4500008004100000050002400041100002200065245009000087260008600177300002800263521002300291942000700314999001900321952010700340140724s9999 xx 000 0 und d aPN 4700b.F315 2012 aFelipe, Jaresa D. a"Life 360" A three part web series on the evolution of courtship /cJaresa D. Felipe. aLas Piñas, Philippines :bSouthville International School and Colleges,cc2012. a75 p. :bill. ;c28 cm. aMass Communication cTH c228856d228856 001040aCLbCLcTHESESd2014-07-24l0oPN 4700 .F315 2012pT0210r2018-05-15 00:00:00w2014-07-24yTH